01575nam a2200289 a 450000100100000000500170001000800410002702000150006804000250008304100130010810000310012124501500015226000410030230000190034349000330036250000250039550000440042052003700046465100500083470000360088470000460092070000400096670000740100683000380108095201500111899900170126800003513220200930074127.0111025s1986 sp 000 0 spa d a8476343313 aDO-SdBNPbspacBNPHU17aspahfre1 aVoltaire,d1694-17789476813aEl siglo de Luis XIV /cVoltaire ; prólogo Víctor Hugo ; traducción revisada por Francisco Villalba Cerezo. Vida de Voltaire por Condorcet. aBarcelona :bEdiciones Orbis,c1986. a2 v. ;c20 cm.0 aBiblioteca de historia ;v72 aBiblioteca tiene v.2 aTít. original: Le Siecle de Louis XIV0 aIncluye, además de la obra propiamente dicha, un prólogo de Víctor Hugo sobre Voltaire, un discurso pronunciado por Víctor Hugo en París con motivo del centenario de Voltaire en 1878 y una Vida de Voltaire escrita por Condorcet, así como un estudio sobre Voltaire: la desesperanza histórica, escrito expresamente por el profesor José Manuel Bermudo. 4aFranciaxHistoriayLUIS XIV, 1643-17159608271 aHugo, Víctor,epról.9128741 aVillalba Cerezo, Francisco,etrad.9608281 aCondorcet.tVida de Voltaire9608291 aBermudo, José Manuel.tVoltaire: la desesperanza histórica960830 0aBiblioteca de historian72960831 0010507-18MOaGRbGRcOId2011-10-25iLF1l0o p35132-10r2020-06-25w2020-06-25y1zBiblioteca Juan Isidro Jiménes GrullónZNo se presta c34623d34623